Macbeth Act 4 Review Quiz Stats

 Plays Quiz not verified by Sporcle

Challenge
Share
Tweet
Embed
Score 0/17 Timer 08:00
1 Play Today
Hint Answer % Correct
Which character is made overconfident by the witches?Macbeth
86.6%
Macbeth is told to beware men not born of _______?women
85%
How many apparitions appear?3
84.1%
At the end of the act which character cannot wait to get to Macbeth to get revenge?Macduff
83.6%
Macbeth is told to beware who?Macduff
82.9%
Which character went to England to retrieve the rightful King of Scotland?Macduff
82%
Which character brings news of deaths?Ross
74.6%
Lady Macduff believes her husband is a ______ traitor
72.5%
Which character said 'from this moment the very firstlings of my heart shall be the firstlings of my hand'Macbeth
71.7%
Hint Answer % Correct
Which character tries to make himself seem horrible?Malcolm
71%
Which character(s) called upon the apparitionsThe Witches
70.5%
Which character is killed?Lady Macduff
65.5%
Macbeth is told that he will not be vanquished until the ________moves.Forest
65.4%
Which two characters are killed in Act 4?Lady Macduff and son
61.8%
Macduff leaving his family behind in Scotland makes Malcolm ________ of himsuspicious
44%
According to Lady Macduff a traitor is someone who ______ and then ______swears lies
26.5%
Malcolm claims he is _________ and __________greedy and lustful
24.5%

You're not logged in!

Compare scores with friends on all Sporcle quizzes.
OR
Log In

You Might Also Like...

Show Comments

Extras

Top Quizzes Today


Score Distribution

Your Account Isn't Verified!

In order to create a playlist on Sporcle, you need to verify the email address you used during registration. Go to your Sporcle Settings to finish the process.

Report this User

Report this user for behavior that violates our Community Guidelines.

Details: